|
|
|
|
| LEADER |
02043cam a2200565 i 4500 |
| 001 |
nkc20172884946 |
| 003 |
CZ PrNK |
| 005 |
20170623111541.0 |
| 007 |
ta |
| 008 |
170320s2017 xr a c 000 0 cze d |
| 015 |
|
|
|a cnb002884946
|
| 020 |
|
|
|a 978-80-256-1954-4
|q (vázáno)
|
| 035 |
|
|
|a (OCoLC)993644945
|
| 040 |
|
|
|a TUG001
|b cze
|d UOG505
|d ULG001
|d BOA001
|d ABA001
|e rda
|
| 041 |
1 |
|
|a cze
|h eng
|
| 072 |
|
7 |
|a 656.2
|x Železniční doprava
|2 Konspekt
|9 4
|
| 072 |
|
7 |
|a 0/9-053.2
|x Literatura pro děti a mládež (naučná)
|2 Konspekt
|9 26
|
| 080 |
|
|
|a 656.223.1/.2
|2 MRF
|
| 080 |
|
|
|a (0.062)
|2 MRF
|
| 080 |
|
|
|a (084.11)
|2 MRF
|
| 080 |
|
|
|a (0.053.2)
|2 MRF
|
| 100 |
1 |
|
|a Biesty, Stephen,
|d 1961-
|7 xx0044940
|4 ill
|
| 240 |
1 |
0 |
|a Trains.
|l Česky
|
| 245 |
1 |
0 |
|a Vlaky /
|c Stephen Biesty
|
| 250 |
|
|
|a První české vydání
|
| 264 |
|
1 |
|a Praha :
|b Svojtka & Co., s.r.o.,
|c 2017
|
| 300 |
|
|
|a 16 nečíslovaných stran :
|b barevné ilustrace ;
|c 23 x 31 cm
|
| 336 |
|
|
|a text
|b txt
|2 rdacontent
|
| 336 |
|
|
|a statický obraz
|b sti
|2 rdacontent
|
| 337 |
|
|
|a bez média
|b n
|2 rdamedia
|
| 338 |
|
|
|a svazek
|b nc
|2 rdacarrier
|
| 500 |
|
|
|a Napsal Ian Graham ; ilustroval Stephen Biesty ; z angličtiny přeložil Jaroslav Kučera
|
| 500 |
|
|
|a Kartonové listy s odklápěcími okénky
|
| 521 |
8 |
|
|a Pro děti od 3 let
|
| 650 |
0 |
7 |
|a vlaky
|7 ph187949
|2 czenas
|
| 650 |
0 |
9 |
|a trains
|2 eczenas
|
| 655 |
|
7 |
|a populárně-naučné publikace
|7 fd131864
|2 czenas
|
| 655 |
|
7 |
|a obrazové publikace
|7 fd132947
|2 czenas
|
| 655 |
|
7 |
|a publikace pro děti
|7 fd133156
|2 czenas
|
| 655 |
|
9 |
|a popular works
|2 eczenas
|
| 655 |
|
9 |
|a pictorial works
|2 eczenas
|
| 655 |
|
9 |
|a children's literature
|2 eczenas
|
| 700 |
1 |
|
|a Graham, Ian,
|d 1953-
|7 jn20000602262
|4 aut
|
| 700 |
1 |
|
|a Kučera, Jaroslav,
|d 1956-
|7 xx0069480
|4 trl
|
| 910 |
2 |
|
|a BOA001
|b 4-1388.920
|
| 920 |
|
|
|a KN3148000001078576
|z ULG001
|
| 990 |
|
|
|a BK
|
| 995 |
|
|
|a 01
|
| 991 |
|
|
|b 201706
|c NOV
|
| 996 |
6 |
|
|b 2610709677
|c 4-1388.920
|l MZK
|r Sklad / do 1 hodiny
|n 2
|p p.v.
|w 001614826
|u 000010
|a 1
|e BOA001
|j MZK50
|s P
|